Testimonios de la crisis : los saldos del sexenio, 1982-1988 /
Obra en cuatro volúmenes disponibles en biblioteca, que analizan las causas de la crisis económica y política durante los años setentas y ochentas en México, tales como los cambios en las políticas económicas de México que llevaron al establecimiento de políticas laborales, de seguridad social y com...
Gardado en:
| Autor Principal: | |
|---|---|
| Formato: | Libro |
| Idioma: | Lingua castelá |
| Publicado: |
México :
Siglo XXI : Universidad Autónoma Metropolitana Iztapalapa,
1990, c1990
|
| Series: | (Sociología y Política)
|
| Temas: | |
| Etiquetas: |
Sen Etiquetas, Sexa o primeiro en etiquetar este rexistro!
|
MARC
| LEADER | 00000nam^a2200000^a^4500 | ||
|---|---|---|---|
| 001 | 000261988 | ||
| 005 | 20250521000000.0 | ||
| 009 | 20260310110527.85 | ||
| 020 | |a 968-23-1614-6 | ||
| 020 | |a 968-23-1428-3 | ||
| 037 | |a Acervo Xavier Clavigero | ||
| 041 | |a ESP | ||
| 082 | |a 330. 972063 |b GUT V. 4 | ||
| 100 | |a Gutiérrez Garza, Esthela |e (coord.) | ||
| 240 | 1 | 1 | |a [Testimonios de la crisis] |
| 245 | 1 | 0 | |a Testimonios de la crisis : |b los saldos del sexenio, 1982-1988 / |c Coord. de E. Gutiérrez Garza. |
| 264 | 4 | |a México : |b Siglo XXI : |b Universidad Autónoma Metropolitana Iztapalapa, |c 1990, c1990 | |
| 300 | |a 276 p. | ||
| 336 | |a texto |b txt |2 rdacontenido | ||
| 337 | |a sin mediación |b n |2 rdamedio | ||
| 338 | |a volumen |b nc |2 rdasoporte | ||
| 440 | 1 | |a (Sociología y Política) | |
| 520 | |a Obra en cuatro volúmenes disponibles en biblioteca, que analizan las causas de la crisis económica y política durante los años setentas y ochentas en México, tales como los cambios en las políticas económicas de México que llevaron al establecimiento de políticas laborales, de seguridad social y comercial, con incidencia principal en el sector productivo y la clase obrera; así como los procesos que provocaron el surgimiento de los movimientos obreros. Títulos por volumen: V. 1 Reestructuración productiva y clase obrera; V. 2 La crisis del estado del bienestar; V. 3 Austeridad y reconversión; V. 4 Los saldos del sexenio, 1982-1988. | ||
| 649 | |a XX | ||
| 650 | |a Inflación - |z México | ||
| 650 | |a Crisis Económica - |z México | ||
| 650 | |a Deuda Pública - |z México | ||
| 650 | |a Mercado de Valores - |z México | ||
| 650 | |a Capitalismo - |z México | ||
| 650 | |a Asistencia Pública - |z México | ||
| 650 | |a Seguridad Social - |z México | ||
| 650 | |a Sindicalismo - |z México | ||
| 650 | |a Política y Salud Pública - |z México | ||
| 650 | |a Política Comercial - |z México | ||
| 650 | |a Política Económica - |z México | ||
| 650 | |a Política - |z México - |x Historia - |y 1970-1979 | ||
| 650 | |a Política - |z México - |x Historia - |y 1980-1989 | ||
| 650 | |a Política - |z México - |x Historia - |y Siglo XX | ||
| 650 | |a Economía - |z México - |x Historia - |y 1970-1979 | ||
| 650 | |a Economía - |z México - |x Historia - |y 1980-1989 - |x Tema Principal | ||
| 650 | |a Economía - |z México - |x Historia - |y Siglo XX | ||
| 650 | |a México - |x Condiciones Políticas | ||
| 650 | |a México - |x Condiciones Económicas | ||
| 910 | |a Fondo General | ||
| 920 | |a Impresos - Libros | ||
| 930 | |a Colección General | ||
| 905 | |a 101 | ||
| 901 | |a 043674 |b IT1 |c ACC |u 20250521 | ||
| 901 | |a 038482 |b IT1 |c ACC |u 20250521 | ||
| 902 | |a https://opac.biblio.iteso.mx/vufind/Record/000261988 | ||